Globalización e historia: la evolución de la economía atlántica en el siglo XIX
Uloženo v:
| Hlavní autor: | |
|---|---|
| Další autoři: | |
| Médium: | Kniha |
| Jazyk: | španělština |
| Vydáno: |
Zaragoza
Prensas Universitarias de Zaragoza
2006
|
| Edice: | Colección Ciencias Sociales, 58
|
| Témata: | |
| Tagy: |
Přidat tag
Žádné tagy, Buďte první, kdo vytvoří štítek k tomuto záznamu!
|
MARC
| LEADER | 00000nam a2200000 a 4500 | ||
|---|---|---|---|
| 001 | UCI1230 | ||
| 003 | CL-VaPUC | ||
| 005 | 20220927174922.0 | ||
| 008 | 070622e20060000SP |||||||||||||||||spa|d | ||
| 999 | |c 326070 |d 326068 | ||
| 020 | |a 8477338531 | ||
| 040 | |c Pontificia Universidad Católica de Valparaíso | ||
| 082 | 0 | 4 | |a 338.973 |b ORO |2 21 |
| 100 | |a O'Rourke, Kevin H. |e autor |9 521601 | ||
| 245 | 1 | 0 | |a Globalización e historia: la evolución de la economía atlántica en el siglo XIX |
| 260 | |a Zaragoza |b Prensas Universitarias de Zaragoza |c 2006 | ||
| 300 | |a 430 p | ||
| 490 | 0 | |a Colección Ciencias Sociales, 58 | |
| 583 | |a last modification |c 20160913 09:16:40 |k Rodrigo Vera | ||
| 650 | 0 | |a Globalización |9 361930 | |
| 650 | 0 | |a Crecimiento económico |9 314037 | |
| 650 | 0 | |a Actividad económica |9 404494 | |
| 650 | 7 | |a INNOVACIONES TECNOLOGICAS |2 CL-VaPUC |9 521603 | |
| 651 | 0 | |a Estados Unidos |9 255178 | |
| 700 | |a Williamson, Jeffrey G. |e autor |9 877183 | ||
| 942 | |c BK |2 ddc | ||
| 945 | |d 20070622 00:00:00 |a jtorresc | ||
| 952 | |0 0 |1 0 |4 0 |6 338_973000000000000_ORO_2006 |7 0 |8 A |9 407756 |a BIBHIS |b BIBHIS |d 2019-11-22 |i 4351533 |o 338.973 ORO 2006 |p 4351533 |r 2025-01-20 |w 2019-11-22 |y BK |k HIS | ||